000 00748nam0a22002411 4500
001 rc\1074487
005 20041129104521.2
035 _a(NLR Aleph) 006234139
090 _a6603516
_c6603516
100 _a20041129d1980 u |0rusy50 ca
101 0 _arus
102 _aRU
105 _aa |||||||||
200 1 _aЭтот самый обыкновенный кварц...
_fВ.Е. Бордон
210 _aМинск
_cНаука и техника
_d1980
215 _a80 с., 8 л. ил.
_cил.
_d17
320 _aБиблиогр. обзор: с. 76-79
700 1 _aБордон
_bВ. Е.
_gВсеволод Евгеньевич
801 0 _aRU
_bNLR
_gpsbo
801 1 _aRU
_bELAR
_2rusmarc
852 _aNLR
_j80-2/2842
942 _cBOOK
980 _aNB